000 00486nam a2200169 a 4500
001 6421
003 CO-ViMGA
008 141112s2004 ck r 000 u spa d
040 _aCO-ViMGA
_bspa
_cCO-ViMGA
082 0 4 _a583.46 P373
100 1 _aPerez Afonso, Jose Luis
_95193
245 1 0 _aCultivo del pepino en invernadero
260 _aMadrid :
_bMinisterio de Agricultura,
_cPesca y alimentación,
_c1984
300 _a303 p : il
650 1 4 _aPEPINO - CULTIVO
_95194
942 _2ddc
_cBK
999 _c18391
_d18391